Satunnaisia Aasian valtioita kartalla - Statistics

Yleistilastot
  • Tätä visaa on pelattu 1 692 kertaa
  • Keskiarvotulos 13 / 15
Vastaukset kartalla
Vastauksille on annettu kartalla punavihreä väri sen mukaan, kuinka moni on saanut sen oikein.
 
Vastaustilastot
Valtio % Oikein
Kiina
100%
Intia
99%
Turkki
99%
Saudi-Arabia
98%
Mongolia
97%
Etelä-Korea
96%
Iran
96%
Japani
96%
Jemen
96%
Oman
96%
Israel
95%
Nepal
95%
Kazakstan
94%
Indonesia
93%
Pohjois-Korea
93%
Sri Lanka
93%
Myanmar
92%
Thaimaa
92%
Vietnam
92%
Irak
91%
Pakistan
91%
Filippiinit
90%
Kypros
90%
Taiwan
89%
Afganistan
88%
Syyria
88%
Laos
87%
Bangladesh
86%
Georgia
86%
Malesia
85%
Qatar
85%
Turkmenistan
85%
Bhutan
83%
Malediivit
83%
Yhdistyneet arabiemiraatit
83%
Azerbaidžan
82%
Kirgisia
82%
Libanon
81%
Kambodža
80%
Uzbekistan
79%
Tadžikistan
78%
Armenia
77%
Jordania
77%
Kuwait
77%
Singapore
75%
Brunei
73%
Itä-Timor
69%
Bahrain
68%
Ehtoja vastaavia visoja ei löytynyt
Tulosjakauma
Jokaisen tuloksen saaneiden osuus
Persentiili vastausten määrän mukaan
Tuloshistoriasi
Et ole pelannut tätä visaa